Akron churches : (Record no. 23347)
[ view plain ]
| 000 -LEADER | |
|---|---|
| fixed length control field | 01433cam a22003137a 4500 |
| 001 - CONTROL NUMBER | |
| control field | 15048669 |
| 005 - DATE AND TIME OF LATEST TRANSACTION | |
| control field | 20170126094733.0 |
| 008 - FIXED-LENGTH DATA ELEMENTS--GENERAL INFORMATION | |
| fixed length control field | 071018s2008 scua b 000 0 eng |
| 010 ## - LIBRARY OF CONGRESS CONTROL NUMBER | |
| LC control number | 2007939758 |
| 020 ## - INTERNATIONAL STANDARD BOOK NUMBER | |
| International Standard Book Number | 9780738552026 |
| 020 ## - INTERNATIONAL STANDARD BOOK NUMBER | |
| International Standard Book Number | 073855202X |
| 050 00 - LIBRARY OF CONGRESS CALL NUMBER | |
| Classification number | NA5235.A47M38 2008 |
| 100 1# - MAIN ENTRY--PERSONAL NAME | |
| Personal name | Mavromatis, Kally. |
| 245 10 - TITLE STATEMENT | |
| Title | Akron churches : |
| Remainder of title | early architecture / |
| Statement of responsibility, etc. | Kally Mavromatis. |
| 260 ## - PUBLICATION, DISTRIBUTION, ETC. (IMPRINT) | |
| Place of publication, distribution, etc. | Charleston, SC : |
| Name of publisher, distributor, etc. | Arcadia Pub., |
| Date of publication, distribution, etc. | c2008. |
| 300 ## - PHYSICAL DESCRIPTION | |
| Extent | 127 p. : |
| Other physical details | ill. ; |
| Dimensions | 24 cm. |
| 490 0# - SERIES STATEMENT | |
| Series statement | Images of America |
| 500 ## - GENERAL NOTE | |
| General note | Includes bibliographical references (p. 127). |
| 650 #0 - SUBJECT ADDED ENTRY--TOPICAL TERM | |
| Topical term or geographic name as entry element | Church architecture |
| Geographic subdivision | Ohio |
| -- | Akron |
| Form subdivision | Pictorial works. |
| 651 #0 - SUBJECT ADDED ENTRY--GEOGRAPHIC NAME | |
| Geographic name | Akron (Ohio) |
| General subdivision | History |
| Form subdivision | Pictorial works. |
| 856 41 - ELECTRONIC LOCATION AND ACCESS | |
| Materials specified | Table of contents only |
| Uniform Resource Identifier | <a href="http://www.loc.gov/catdir/toc/fy0805/2007939758.html">http://www.loc.gov/catdir/toc/fy0805/2007939758.html</a> |
| 856 42 - ELECTRONIC LOCATION AND ACCESS | |
| Materials specified | Contributor biographical information |
| Uniform Resource Identifier | <a href="http://www.loc.gov/catdir/enhancements/fy0809/2007939758-b.html">http://www.loc.gov/catdir/enhancements/fy0809/2007939758-b.html</a> |
| 856 42 - ELECTRONIC LOCATION AND ACCESS | |
| Materials specified | Publisher description |
| Uniform Resource Identifier | <a href="http://www.loc.gov/catdir/enhancements/fy0809/2007939758-d.html">http://www.loc.gov/catdir/enhancements/fy0809/2007939758-d.html</a> |
| 942 ## - ADDED ENTRY ELEMENTS (KOHA) | |
| Source of classification or shelving scheme | |
| Koha item type | Hard Covered Materials |
| Withdrawn status | Lost status | Source of classification or shelving scheme | Damaged status | Not for loan | Home library | Current library | Shelving location | Date acquired | Source of acquisition | Total Checkouts | Full call number | Barcode | Date last seen | Price effective from | Koha item type |
|---|---|---|---|---|---|---|---|---|---|---|---|---|---|---|---|
| MACHAKOS UNIVERSITY LIBRARY | MACHAKOS UNIVERSITY LIBRARY | Technical section | 26/01/2017 | Donation(BFA) | NA5235.A47M38 2008 | 32349 | 24/07/2018 | 26/01/2017 | Hard Covered Materials |